| 000 | 01506nam a22002297a 4500 | ||
|---|---|---|---|
| 999 |
_c18342 _d18342 |
||
| 005 | 20251125232905.0 | ||
| 008 | s2543 th tha d | ||
| 040 | _aNALT | ||
| 041 | _atha | ||
| 110 | 0 | _aสำนักนายกรัฐมนตรี. สำนักงานปลัดสำนักนายกรัฐมนตรี. สำนักงานคณะกรรมการส่งเสริมและประสานงานสตรีแห่งชาติ | |
| 245 | 1 | 0 | _aกฎหมายกับผู้หญิง |
| 260 | 3 |
_aกรุงเทพฯ : _bสำนักงานคณะกรรมการส่งเสริมและประสานงานสตรีแห่งชาติ, _c2543 |
|
| 300 |
_a218 หน้า ; _b 21 ซม. |
||
| 610 | _aสำนักนายกรัฐมนตรี. สำนักงานปลัดสำนักนายกรัฐมนตรี. สำนักงานคณะกรรมการส่งเสริมและประสานงานสตรีแห่งชาติ | ||
| 650 | 0 | 4 | _aสตรี -- สถานภาพทางกฎหมาย |
| 650 | 0 | 4 | _aสตรี -- สถานภาพทางกฎหมาย |
| 850 | _aNALT | ||
| 856 | 4 | 0 |
_uhttps://hdl.handle.net/20.500.14156/301553 _71 |
| 942 |
_cLB _01 _2lcc |
||
| 998 |
_j25 _k นีลวัสน์ อินทรักษา |
||
| 090 | _aKS54.3 น473ก 2543 | ||